000 00452nam a2200169Ia 4500
005 20250508151819.0
008 008 250505s9999 xx 000 0 eng d
037 _aBooks to be hide in OPAC
040 _aFEDL
_beng
_cFEDL
041 _aeng
_2eng
084 _a309.142, GRE/O
_qFEDL
245 0 _aBritain: An official hand book
260 _c1955
300 _aix,438p.
942 _cHB
_h309.142, GRE/O
999 _c1332265
_d1332265